000
00316nam a22001217a 4500
005
20250529173459.0
008
250529b |||||||| |||| 00| 0 eng d
100
_a
JABAY, EARL
245
_a
SEARCH FOR IDENTITY
260
_a
CALIFORNIA
_b
RONALD N. HAYNES PUBLISHERS, INC.
_c
c1981
300
_a
190P
942
_2
lcc
_c
BK
_n
0
999
_c
6053
_d
6053